000 00700nam a2200253Ia 4500
001 Para_5931
003 CHAP
008 220125s1978 xx 000 0 und d
010 _a204392
040 _cCHAP
082 _aPA-C 576.03 D5
245 _aDictionary of microbiology /
_c by Paul Singleton, Diana Sainsbury
260 _aChichester :
_b John Wiley & Sons
300 _a481 p.
650 _aMicrobiologĂ­a
_x Diccionarios
_975492
700 _aSingleton, Paul / Sainsbury, Diana
_9170298
901 _aPA-C 576.03 D5
902 _aA
905 _a0000001978 0000000000 00
910 _a1978
942 _cPARA
942 _cPARA
_d1
999 _c204392
_d204392